Welcome to CU Library Online Public Access Catalogue (OPAC)

Profiles of Drug Substances, Excipients, and Related Methodology/ (Record no. 7723)

MARC details
000 -LEADER
fixed length control field 00552nam a22001577a 4500
005 - DATE AND TIME OF LATEST TRANSACTION
control field 20250925142400.0
008 - FIXED-LENGTH DATA ELEMENTS--GENERAL INFORMATION
fixed length control field 250925b |||||||| |||| 00| 0 eng d
020 ## - INTERNATIONAL STANDARD BOOK NUMBER
International Standard Book Number 9780122608339
050 ## - LIBRARY OF CONGRESS CALL NUMBER
Classification number RS160 PRO
245 ## - TITLE STATEMENT
Title Profiles of Drug Substances, Excipients, and Related Methodology/
Remainder of title Volume 33
Statement of responsibility, etc. edited by Harry G. Brittan , volume 33 authored by Richard J. Prankerd
260 ## - PUBLICATION, DISTRIBUTION, ETC.
Place of publication, distribution, etc. Amsterdam
Name of publisher, distributor, etc. Elsevier/Academic Press
Date of publication, distribution, etc. 2007
300 ## - PHYSICAL DESCRIPTION
Extent xiv. 726p.
Other physical details ill.
Dimensions 24.5cm
700 ## - ADDED ENTRY--PERSONAL NAME
Personal name Brittan, Harry G.
700 ## - ADDED ENTRY--PERSONAL NAME
Personal name Prankerd, Richard J.
942 ## - ADDED ENTRY ELEMENTS (KOHA)
Source of classification or shelving scheme Library of Congress Classification
Koha item type Books
Suppress in OPAC No
999 ## -
-- 7723
-- 7723
Holdings
Withdrawn status Lost status Source of classification or shelving scheme Damaged status Not for loan Collection Home library Current library Shelving location Date acquired Total checkouts Full call number Barcode Date last seen Copy number Price effective from Koha item type
    Library of Congress Classification     Non-fiction Science Library (Miotso) Science Library (Miotso) General stacks 09/25/2025   RS160 PRO SLM00004390 09/25/2025 1 09/25/2025 Books
    Library of Congress Classification     Non-fiction Science Library (Miotso) Science Library (Miotso) General stacks 09/25/2025   RS160 PRO SLM00004391 09/25/2025 2 09/25/2025 Books
    Library of Congress Classification     Non-fiction Science Library (Miotso) Science Library (Miotso) General stacks 09/25/2025   RS160 PRO SLM00004392 09/25/2025 3 09/25/2025 Books
    Library of Congress Classification     Non-fiction Science Library (Miotso) Science Library (Miotso) General stacks 09/25/2025   RS160 PRO SLM00004393 09/25/2025 4 09/25/2025 Books
    Library of Congress Classification     Non-fiction Science Library (Miotso) Science Library (Miotso) General stacks 09/25/2025   RS160 PRO SLM00004394 09/25/2025 5 09/25/2025 Books
© 2023-2024 Copyright: Central University Libraries. All Rights Reserved | Created by: Mahone Tech Office